| 000 | 00583cam a22002291 4500 | ||
|---|---|---|---|
| 001 | sa 68008757 | ||
| 003 | DLC | ||
| 005 | 20260227112536.0 | ||
| 008 | 950123s1967 ii 000 1 tamo | ||
| 010 | _asa 68008757 | ||
| 025 | _aPL480:I-T-2214 | ||
| 035 | _a(OCoLC)31874026 | ||
| 040 |
_aDLC _cCU _dCU _dDLC |
||
| 050 | 0 | 0 |
_aPL4758.9.R344 _bY3 |
| 100 | 1 |
_aVimalā Ramaṇi, _d1935- |
|
| 245 | 1 | 0 | _aYāl̲icai. |
| 260 | _c[1967] | ||
| 300 |
_a6, 275 p. _c19 cm. |
||
| 500 | _aIn Tamil. | ||
| 500 | _aA novel. | ||
| 600 | 0 | 0 |
_aNarasimhavarman _bI, _cKing, _dactive 630-668 _xFiction. |
| 999 |
_c82555 _d82555 |
||